The basics of Abstract Algebra (Record no. 7778)

MARC details
000 -LEADER
fixed length control field 00539nam a22001937a 4500
003 - CONTROL NUMBER IDENTIFIER
control field OSt
005 - DATE AND TIME OF LATEST TRANSACTION
control field 20220302155327.0
008 - FIXED-LENGTH DATA ELEMENTS--GENERAL INFORMATION
fixed length control field 190828b ||||| |||| 00| 0 eng d
020 ## - INTERNATIONAL STANDARD BOOK NUMBER
International Standard Book Number 0521466296
040 ## - CATALOGING SOURCE
Transcribing agency DDC
082 ## - DEWEY DECIMAL CLASSIFICATION NUMBER
Classification number 512.2BHA 1994
100 ## - MAIN ENTRY--PERSONAL NAME
Relator code Bhattacharya,P.B;Jain,SK;Nagpaul,SR;
245 ## - TITLE STATEMENT
Title The basics of Abstract Algebra
260 ## - PUBLICATION, DISTRIBUTION, ETC. (IMPRINT)
Place of publication, distribution, etc. Cambridge.
Name of publisher, distributor, etc. Cambridge University Press.
Date of publication, distribution, etc. 1994
300 ## - PHYSICAL DESCRIPTION
Extent xv,397p;
Other physical details ill:
Dimensions 24cm
504 ## - BIBLIOGRAPHY, ETC. NOTE
Bibliography, etc Appendix, & index included
650 ## - SUBJECT ADDED ENTRY--TOPICAL TERM
Topical term or geographic name as entry element Abstract algebra
9 (RLIN) 8592
942 ## - ADDED ENTRY ELEMENTS (KOHA)
Source of classification or shelving scheme Dewey Decimal Classification
Koha item type Open Shelf
Holdings
Withdrawn status Lost status Source of classification or shelving scheme Damaged status Not for loan Home library Current library Date acquired Source of acquisition Inventory number Total Checkouts Full call number Barcode Date last seen Price effective from Koha item type
    Dewey Decimal Classification     MUST Main Library MUST Main Library 02/03/2022 Purchase 04/22477   512.2BHA 1994 2022-0384 02/03/2022 02/03/2022 Open Shelf
    Dewey Decimal Classification     MUST Main Library MUST Main Library 02/03/2022 Purchase 06/28163   512.2BHA 1994 2022-0385 02/03/2022 02/03/2022 Open Shelf
    Dewey Decimal Classification     MUST Main Library MUST Main Library 02/03/2022 Purchase 04/22476   512.2BHA 1994 2022-0386 02/03/2022 02/03/2022 Open Shelf
    Dewey Decimal Classification     MUST Main Library MUST Main Library 02/03/2022 Purchase 06/28162   512.2BHA 1994 2022-0387 02/03/2022 02/03/2022 Open Shelf